[Event "DVM U20 2020"]
[Site "Willingen GER"]
[Date "2021.06.25"]
[Round "4"]
[White "Grunwald, Jonathan"]
[Black "Omert, Oliver"]
[Result "1-0"]
[Termination "normal"]
[Board "7.5"]
[WhiteElo "1798"]
[BlackElo "1897"]
[WhiteClock "00:02:46"]
[BlackClock "00:00:39"]
[WhiteTeam "Biebertaler Schachfreunde"]
[BlackTeam "SK Bebenhausen 1992"]
[PlyCount "81"]
[WhiteFideId "12955744"]
[BlackFideId "16261208"]
[EventCountry "GER"]
[EventRounds "7"]
[EventType "team-swiss"]
[EventDate "2021.06.23"]

1. e4 {[%clk 01:30:58]} {[%emt 00:00:02]} c6 {[%clk 01:30:54]} {[%emt
00:00:07]} 2. Nc3 {[%clk 01:31:20]} {[%emt 00:00:08]} d5 {[%clk 01:31:18]}
{[%emt 00:00:05]} 3. d4 {[%clk 01:31:45]} {[%emt 00:00:05]} dxe4 {[%clk
01:31:40]} {[%emt 00:00:09]} 4. Nxe4 {[%clk 01:32:10]} {[%emt 00:00:05]} Bf5
{[%clk 01:31:43]} {[%emt 00:00:26]} 5. Ng3 {[%clk 01:32:32]} {[%emt 00:00:09]}
Bg6 {[%clk 01:32:08]} {[%emt 00:00:04]} 6. Nf3 {[%clk 01:32:52]} {[%emt
00:00:10]} Nd7 {[%clk 01:32:30]} {[%emt 00:00:08]} 7. Bd3 {[%clk 01:33:12]}
{[%emt 00:00:11]} e6 {[%clk 01:32:17]} {[%emt 00:00:42]} 8. O-O {[%clk
01:33:16]} {[%emt 00:00:26]} Ngf6 {[%clk 01:32:21]} {[%emt 00:00:26]} 9. c4
{[%clk 01:32:21]} {[%emt 00:01:26]} Bd6 {[%clk 01:29:56]} {[%emt 00:02:55]} 10.
Re1 {[%clk 01:31:23]} {[%emt 00:01:28]} O-O {[%clk 01:30:16]} {[%emt 00:00:10]}
11. Bxg6 {[%clk 01:31:32]} {[%emt 00:00:22]} hxg6 {[%clk 01:30:40]} {[%emt
00:00:05]} 12. b3 {[%clk 01:27:47]} {[%emt 00:04:14]} b5 {[%clk 01:20:13]}
{[%emt 00:10:57]} 13. Qc2 {[%clk 01:17:56]} {[%emt 00:10:21]} bxc4 {[%clk
01:10:29]} {[%emt 00:10:15]} 14. Qxc4 {[%clk 01:14:26]} {[%emt 00:04:00]} Qc7
{[%clk 01:03:06]} {[%emt 00:07:53]} 15. Bb2 {[%clk 01:11:31]} {[%emt 00:03:24]}
Nb6 {[%clk 01:01:00]} {[%emt 00:02:36]} 16. Qc2 {[%clk 01:08:33]} {[%emt
00:03:28]} Rac8 {[%clk 00:53:05]} {[%emt 00:08:25]} 17. Rac1 {[%clk 01:02:07]}
{[%emt 00:06:56]} Bf4 {[%clk 00:50:57]} {[%emt 00:02:38]} 18. Rcd1 {[%clk
00:58:03]} {[%emt 00:04:34]} Nbd5 {[%clk 00:48:50]} {[%emt 00:02:37]} 19. Ne5
{[%clk 00:53:32]} {[%emt 00:05:02]} Qa5 {[%clk 00:45:04]} {[%emt 00:04:15]} 20.
Ne4 {[%clk 00:43:32]} {[%emt 00:10:31]} Nb4 {[%clk 00:33:13]} {[%emt 00:12:20]}
21. Qc4 {[%clk 00:40:55]} {[%emt 00:03:07]} Nbd5 {[%clk 00:21:21]} {[%emt
00:12:22]} 22. Nc5 {[%clk 00:26:13]} {[%emt 00:15:12]} Qxa2 {[%clk 00:15:44]}
{[%emt 00:06:08]} 23. Ned3 {[%clk 00:18:44]} {[%emt 00:07:58]} Qa5 {[%clk
00:15:20]} {[%emt 00:00:54]} 24. Ra1 {[%clk 00:18:36]} {[%emt 00:00:38]} Qc7
{[%clk 00:14:57]} {[%emt 00:00:50]} 25. Nxf4 {[%clk 00:16:01]} {[%emt
00:03:08]} Qxf4 {[%clk 00:14:18]} {[%emt 00:01:10]} 26. Nd3 {[%clk 00:15:22]}
{[%emt 00:01:09]} Qc7 {[%clk 00:14:15]} {[%emt 00:00:32]} 27. Ra6 {[%clk
00:15:15]} {[%emt 00:00:37]} Qb7 {[%clk 00:05:24]} {[%emt 00:09:21]} 28. Rea1
{[%clk 00:13:33]} {[%emt 00:02:13]} Rb8 {[%clk 00:02:56]} {[%emt 00:02:58]} 29.
Nc5 {[%clk 00:11:56]} {[%emt 00:02:06]} Qb5 {[%clk 00:03:00]} {[%emt 00:00:27]}
30. Ba3 {[%clk 00:06:00]} {[%emt 00:06:26]} Rfd8 {[%clk 00:03:00]} {[%emt
00:00:29]} 31. Rxa7 {[%clk 00:05:32]} {[%emt 00:00:58]} Qxc4 {[%clk 00:03:07]}
{[%emt 00:00:24]} 32. bxc4 {[%clk 00:05:58]} {[%emt 00:00:04]} Nf4 {[%clk
00:03:25]} {[%emt 00:00:11]} 33. Nb7 {[%clk 00:04:09]} {[%emt 00:02:20]} Rxd4
{[%clk 00:01:56]} {[%emt 00:01:59]} 34. Bd6 {[%clk 00:04:11]} {[%emt 00:00:28]}
Rc8 {[%clk 00:01:30]} {[%emt 00:00:55]} 35. Be5 {[%clk 00:03:56]} {[%emt
00:00:45]} Rxc4 {[%clk 00:00:52]} {[%emt 00:01:09]} 36. Nd6 {[%clk 00:03:57]}
{[%emt 00:00:29]} Ne2+ {[%clk 00:00:42]} {[%emt 00:00:40]} 37. Kf1 {[%clk
00:04:12]} {[%emt 00:00:15]} Rc5 {[%clk 00:00:38]} {[%emt 00:00:34]} 38. Bxf6
{[%clk 00:02:53]} {[%emt 00:01:49]} gxf6 {[%clk 00:00:47]} {[%emt 00:00:20]}
39. Nxc8 {[%clk 00:03:13]} {[%emt 00:00:11]} Nf4 {[%clk 00:00:59]} {[%emt
00:00:18]} 40. Nd6 {[%clk 00:02:54]} {[%emt 00:00:49]} Rg5 {[%clk 00:00:39]}
{[%emt 00:00:49]} 41. Rxf7 {[%clk 00:02:46]} {[%emt 00:00:39]} 1-0

[Event "DVM U20 2020"]
[Site "Willingen GER"]
[Date "2021.06.25"]
[Round "4"]
[White "Taras, Simon"]
[Black "Engländer, Leon Arne"]
[Result "1/2-1/2"]
[Termination "normal"]
[Board "7.6"]
[WhiteElo "1690"]
[BlackElo "1769"]
[WhiteClock "00:03:56"]
[BlackClock "00:49:21"]
[WhiteTeam "SK Bebenhausen 1992"]
[BlackTeam "Biebertaler Schachfreunde"]
[PlyCount "60"]
[WhiteFideId "12970972"]
[BlackFideId "12997226"]
[EventCountry "GER"]
[EventRounds "7"]
[EventType "team-swiss"]
[EventDate "2021.06.23"]

1. d4 {[%clk 01:30:54]} {[%emt 00:00:05]} Nf6 {[%clk 01:30:51]} {[%emt
00:00:10]} 2. c4 {[%clk 01:31:17]} {[%emt 00:00:07]} d6 {[%clk 01:31:09]}
{[%emt 00:00:12]} 3. Nf3 {[%clk 01:31:07]} {[%emt 00:00:39]} Nbd7 {[%clk
01:31:23]} {[%emt 00:00:16]} 4. Nc3 {[%clk 01:29:39]} {[%emt 00:01:58]} c6
{[%clk 01:31:32]} {[%emt 00:00:22]} 5. e4 {[%clk 01:29:09]} {[%emt 00:00:59]}
e5 {[%clk 01:31:11]} {[%emt 00:00:51]} 6. h3 {[%clk 01:27:38]} {[%emt
00:02:00]} a6 {[%clk 01:31:05]} {[%emt 00:00:38]} 7. a4 {[%clk 01:23:27]}
{[%emt 00:04:41]} Be7 {[%clk 01:28:54]} {[%emt 00:02:40]} 8. Be3 {[%clk
01:19:19]} {[%emt 00:04:37]} b6 {[%clk 01:27:33]} {[%emt 00:01:53]} 9. Be2
{[%clk 01:15:46]} {[%emt 00:04:01]} O-O {[%clk 01:26:16]} {[%emt 00:01:49]} 10.
g4 {[%clk 01:13:49]} {[%emt 00:02:26]} Bb7 {[%clk 01:24:14]} {[%emt 00:02:33]}
11. g5 {[%clk 01:11:02]} {[%emt 00:03:17]} Ne8 {[%clk 01:23:48]} {[%emt
00:00:56]} 12. d5 {[%clk 01:10:07]} {[%emt 00:01:25]} cxd5 {[%clk 01:22:03]}
{[%emt 00:02:16]} 13. cxd5 {[%clk 01:08:27]} {[%emt 00:02:08]} a5 {[%clk
01:18:26]} {[%emt 00:04:09]} 14. h4 {[%clk 01:01:16]} {[%emt 00:07:39]} Nc5
{[%clk 01:17:16]} {[%emt 00:01:40]} 15. Nd2 {[%clk 00:58:49]} {[%emt 00:02:57]}
Nc7 {[%clk 01:12:04]} {[%emt 00:05:43]} 16. Nc4 {[%clk 00:50:51]} {[%emt
00:08:28]} N7a6 {[%clk 01:11:34]} {[%emt 00:01:00]} 17. Bg4 {[%clk 00:41:52]}
{[%emt 00:09:28]} Nb4 {[%clk 01:10:14]} {[%emt 00:01:51]} 18. Bxc5 {[%clk
00:41:51]} {[%emt 00:00:31]} bxc5 {[%clk 01:10:18]} {[%emt 00:00:26]} 19. Qd2
{[%clk 00:34:16]} {[%emt 00:08:03]} Ba6 {[%clk 01:10:14]} {[%emt 00:00:35]} 20.
b3 {[%clk 00:29:11]} {[%emt 00:05:36]} g6 {[%clk 01:05:34]} {[%emt 00:05:10]}
21. O-O {[%clk 00:16:00]} {[%emt 00:13:40]} f5 {[%clk 01:04:06]} {[%emt
00:01:58]} 22. Bh3 {[%clk 00:08:20]} {[%emt 00:08:11]} f4 {[%clk 01:03:05]}
{[%emt 00:01:31]} 23. f3 {[%clk 00:06:53]} {[%emt 00:01:57]} Kg7 {[%clk
01:01:39]} {[%emt 00:01:56]} 24. Na2 {[%clk 00:06:00]} {[%emt 00:01:22]} Rh8
{[%clk 01:00:35]} {[%emt 00:01:34]} 25. Nxb4 {[%clk 00:05:50]} {[%emt
00:00:42]} axb4 {[%clk 00:59:22]} {[%emt 00:01:42]} 26. Qg2 {[%clk 00:04:46]}
{[%emt 00:01:32]} Bxc4 {[%clk 00:59:31]} {[%emt 00:00:22]} 27. bxc4 {[%clk
00:05:06]} {[%emt 00:00:11]} Ra5 {[%clk 00:59:30]} {[%emt 00:00:32]} 28. Qg4
{[%clk 00:03:54]} {[%emt 00:01:38]} h5 {[%clk 00:50:20]} {[%emt 00:09:41]} 29.
Qd7 {[%clk 00:03:31]} {[%emt 00:00:54]} Qxd7 {[%clk 00:50:22]} {[%emt
00:00:27]} 30. Bxd7 {[%clk 00:03:56]} {[%emt 00:00:07]} Rd8 {[%clk 00:49:21]}
{[%emt 00:01:30]} 1/2-1/2

[Event "DVM U20 2020"]
[Site "Willingen GER"]
[Date "2021.06.25"]
[Round "4"]
[White "Ortmeier, Leonhard"]
[Black "Mätzkow, Maximilian Paul"]
[Result "1/2-1/2"]
[Termination "normal"]
[Board "8.1"]
[WhiteTitle "FM"]
[BlackTitle "FM"]
[WhiteElo "2290"]
[BlackElo "2231"]
[WhiteClock "00:21:29"]
[BlackClock "00:30:32"]
[WhiteTeam "Schachklub Münster 32 e. V."]
[BlackTeam "SC Kreuzberg e.V."]
[PlyCount "101"]
[WhiteFideId "12993662"]
[BlackFideId "24679933"]
[EventCountry "GER"]
[EventRounds "7"]
[EventType "team-swiss"]
[EventDate "2021.06.23"]

1. Nf3 {[%clk 01:30:32]} {[%emt 00:00:26]} Nf6 {[%clk 01:30:56]} {[%emt
00:00:05]} 2. g3 {[%clk 01:30:41]} {[%emt 00:00:21]} e6 {[%clk 01:31:17]}
{[%emt 00:00:09]} 3. Bg2 {[%clk 01:30:36]} {[%emt 00:00:35]} Be7 {[%clk
01:31:35]} {[%emt 00:00:12]} 4. c4 {[%clk 01:30:32]} {[%emt 00:00:33]} O-O
{[%clk 01:31:54]} {[%emt 00:00:11]} 5. O-O {[%clk 01:30:21]} {[%emt 00:00:41]}
d5 {[%clk 01:32:14]} {[%emt 00:00:11]} 6. b3 {[%clk 01:30:12]} {[%emt
00:00:38]} c5 {[%clk 01:31:11]} {[%emt 00:01:33]} 7. Bb2 {[%clk 01:30:08]}
{[%emt 00:00:33]} b6 {[%clk 01:28:58]} {[%emt 00:02:44]} 8. e3 {[%clk
01:21:06]} {[%emt 00:09:33]} Bb7 {[%clk 01:25:13]} {[%emt 00:04:15]} 9. Ne5
{[%clk 01:12:35]} {[%emt 00:09:00]} Nfd7 {[%clk 01:20:58]} {[%emt 00:04:46]}
10. Nxd7 {[%clk 01:09:36]} {[%emt 00:03:29]} Qxd7 {[%clk 01:21:18]} {[%emt
00:00:10]} 11. Qg4 {[%clk 01:06:57]} {[%emt 00:03:07]} g6 {[%clk 01:04:19]}
{[%emt 00:17:30]} 12. cxd5 {[%clk 00:48:17]} {[%emt 00:19:10]} Bxd5 {[%clk
01:03:14]} {[%emt 00:01:36]} 13. Bxd5 {[%clk 00:47:10]} {[%emt 00:01:37]} Qxd5
{[%clk 00:59:53]} {[%emt 00:03:50]} 14. d4 {[%clk 00:44:07]} {[%emt 00:03:32]}
cxd4 {[%clk 00:55:51]} {[%emt 00:04:33]} 15. Bxd4 {[%clk 00:39:03]} {[%emt
00:05:34]} Nc6 {[%clk 00:55:35]} {[%emt 00:00:46]} 16. Bc3 {[%clk 00:35:00]}
{[%emt 00:04:33]} Ne5 {[%clk 00:53:45]} {[%emt 00:02:21]} 17. Bxe5 Qxe5 {[%clk
00:54:13]} 18. Nd2 {[%clk 00:35:03]} {[%emt 00:00:20]} Rfd8 {[%clk 00:51:39]}
{[%emt 00:03:04]} 19. Nc4 {[%clk 00:31:39]} {[%emt 00:03:55]} Qf5 {[%clk
00:48:21]} {[%emt 00:03:47]} 20. Qxf5 {[%clk 00:31:22]} {[%emt 00:00:47]} gxf5
{[%clk 00:47:52]} {[%emt 00:01:00]} 21. Rfd1 {[%clk 00:26:28]} {[%emt
00:05:24]} Rac8 {[%clk 00:37:52]} {[%emt 00:10:29]} 22. a4 {[%clk 00:25:28]}
{[%emt 00:01:30]} Kg7 {[%clk 00:37:07]} {[%emt 00:01:15]} 23. Kf1 {[%clk
00:25:28]} {[%emt 00:00:30]} Kf6 {[%clk 00:36:22]} {[%emt 00:01:15]} 24. Ke2
{[%clk 00:25:17]} {[%emt 00:00:41]} Bc5 {[%clk 00:31:07]} {[%emt 00:05:44]} 25.
Rxd8 {[%clk 00:21:34]} {[%emt 00:04:13]} Rxd8 {[%clk 00:31:19]} {[%emt
00:00:19]} 26. Nb2 {[%clk 00:20:57]} {[%emt 00:01:07]} Ke7 {[%clk 00:25:37]}
{[%emt 00:06:13]} 27. Nd3 {[%clk 00:19:37]} {[%emt 00:01:48]} Bd6 {[%clk
00:25:30]} {[%emt 00:00:38]} 28. Rc1 {[%clk 00:18:15]} {[%emt 00:01:51]} Kd7
{[%clk 00:24:36]} {[%emt 00:01:25]} 29. Nb2 {[%clk 00:13:19]} {[%emt 00:05:26]}
Ke7 {[%clk 00:22:08]} {[%emt 00:02:57]} 30. Rc2 {[%clk 00:12:17]} {[%emt
00:01:32]} Rb8 {[%clk 00:21:21]} {[%emt 00:01:18]} 31. Nc4 {[%clk 00:10:04]}
{[%emt 00:02:42]} Rc8 {[%clk 00:19:34]} {[%emt 00:02:17]} 32. Rd2 {[%clk
00:08:15]} {[%emt 00:02:19]} Bc5 {[%clk 00:18:54]} {[%emt 00:01:11]} 33. Rc2
{[%clk 00:03:54]} {[%emt 00:04:51]} Bd6 {[%clk 00:18:46]} {[%emt 00:00:38]} 34.
Kd3 {[%clk 00:03:29]} {[%emt 00:00:55]} Rc7 {[%clk 00:14:14]} {[%emt 00:05:03]}
35. Nxd6 {[%clk 00:02:24]} {[%emt 00:01:34]} Kxd6 {[%clk 00:14:42]} {[%emt
00:00:01]} 36. Rxc7 {[%clk 00:02:11]} {[%emt 00:00:44]} Kxc7 {[%clk 00:15:03]}
{[%emt 00:00:09]} 37. Kc4 {[%clk 00:01:41]} {[%emt 00:01:01]} Kc6 {[%clk
00:15:01]} {[%emt 00:00:31]} 38. b4 {[%clk 00:01:46]} {[%emt 00:00:25]} a6
{[%clk 00:14:59]} {[%emt 00:00:32]} 39. f3 {[%clk 00:01:14]} {[%emt 00:01:02]}
f6 {[%clk 00:14:21]} {[%emt 00:01:08]} 40. h3 {[%clk 00:00:51]} {[%emt
00:00:53]} b5+ {[%clk 00:06:30]} {[%emt 00:08:21]} 41. axb5+ {[%clk 00:01:13]}
{[%emt 00:00:08]} axb5+ {[%clk 00:06:59]} 42. Kd4 {[%clk 00:00:43]} {[%emt
00:00:59]} e5+ {[%clk 00:05:46]} {[%emt 00:01:44]} 43. Kd3 {[%clk 00:00:39]}
{[%emt 00:00:34]} Kd5 {[%clk 00:06:09]} {[%emt 00:00:07]} 44. e4+ {[%clk
00:30:18]} {[%emt 00:00:50]} fxe4+ {[%clk 00:30:35]} {[%emt 00:06:05]} 45.
fxe4+ {[%clk 00:30:30]} {[%emt 00:00:18]} Ke6 {[%clk 00:31:04]} 46. g4 {[%clk
00:21:02]} {[%emt 00:09:58]} Kf7 {[%clk 00:30:46]} {[%emt 00:00:48]} 47. Ke3
{[%clk 00:21:23]} {[%emt 00:00:10]} Kg7 {[%clk 00:30:31]} {[%emt 00:00:43]} 48.
Kf3 {[%clk 00:21:25]} {[%emt 00:00:28]} Kg6 {[%clk 00:30:21]} {[%emt 00:00:41]}
49. h4 {[%clk 00:21:33]} {[%emt 00:00:22]} h6 {[%clk 00:30:12]} {[%emt
00:00:39]} 50. Kg3 {[%clk 00:21:27]} {[%emt 00:00:36]} Kf7 {[%clk 00:30:32]}
{[%emt 00:00:10]} 51. Kf3 {[%clk 00:21:29]} {[%emt 00:00:28]} 1/2-1/2

[Event "DVM U20 2020"]
[Site "Willingen GER"]
[Date "2021.06.25"]
[Round "4"]
[White "Toval, David"]
[Black "Hommel, Niclas"]
[Result "0-1"]
[Termination "normal"]
[Board "8.3"]
[WhiteElo "1857"]
[BlackElo "2062"]
[WhiteClock "00:42:21"]
[BlackClock "00:20:04"]
[WhiteTeam "Schachklub Münster 32 e. V."]
[BlackTeam "SC Kreuzberg e.V."]
[PlyCount "48"]
[WhiteFideId "12992755"]
[BlackFideId "12974927"]
[EventCountry "GER"]
[EventRounds "7"]
[EventType "team-swiss"]
[EventDate "2021.06.23"]

1. e4 {[%clk 01:30:57]} {[%emt 00:00:04]} c5 {[%clk 01:30:57]} {[%emt
00:00:03]} 2. Nf3 {[%clk 01:31:22]} {[%emt 00:00:05]} e6 {[%clk 01:31:24]}
{[%emt 00:00:03]} 3. d4 {[%clk 01:31:47]} {[%emt 00:00:05]} cxd4 {[%clk
01:31:51]} {[%emt 00:00:03]} 4. Nxd4 {[%clk 01:32:12]} {[%emt 00:00:06]} Nc6
{[%clk 01:32:01]} {[%emt 00:00:19]} 5. Nc3 {[%clk 01:32:36]} {[%emt 00:00:06]}
Qc7 {[%clk 01:32:20]} {[%emt 00:00:11]} 6. Be3 {[%clk 01:32:59]} {[%emt
00:00:07]} a6 {[%clk 01:32:32]} {[%emt 00:00:17]} 7. Bd3 {[%clk 01:33:07]}
{[%emt 00:00:22]} Nf6 {[%clk 01:32:37]} {[%emt 00:00:26]} 8. O-O {[%clk
01:33:29]} {[%emt 00:00:09]} Ne5 {[%clk 01:28:44]} {[%emt 00:04:23]} 9. Be2
{[%clk 01:32:26]} {[%emt 00:01:32]} b5 {[%clk 01:27:25]} {[%emt 00:01:48]} 10.
f4 {[%clk 01:30:33]} {[%emt 00:02:23]} Nc4 {[%clk 01:27:51]} {[%emt 00:00:05]}
11. Bc1 {[%clk 01:29:54]} {[%emt 00:01:09]} Bb7 {[%clk 01:13:36]} {[%emt
00:14:45]} 12. Bf3 {[%clk 01:29:09]} {[%emt 00:01:15]} b4 {[%clk 01:09:23]}
{[%emt 00:04:42]} 13. Na4 {[%clk 01:12:56]} {[%emt 00:16:43]} Nxe4 {[%clk
01:09:39]} {[%emt 00:00:15]} 14. b3 {[%clk 01:11:44]} {[%emt 00:01:42]} Ncd6
{[%clk 01:00:33]} {[%emt 00:09:36]} 15. Bb2 {[%clk 01:06:41]} {[%emt 00:05:32]}
Nb5 {[%clk 00:49:33]} {[%emt 00:11:31]} 16. g3 {[%clk 00:59:54]} {[%emt
00:07:17]} Bc5 {[%clk 00:39:45]} {[%emt 00:10:18]} 17. Nxc5 {[%clk 00:55:07]}
{[%emt 00:05:16]} Qxc5 {[%clk 00:40:11]} {[%emt 00:00:04]} 18. Kg2 {[%clk
00:54:11]} {[%emt 00:01:26]} Nbc3 {[%clk 00:31:54]} {[%emt 00:08:48]} 19. Bxc3
{[%clk 00:51:19]} {[%emt 00:03:21]} Nxc3 {[%clk 00:31:09]} {[%emt 00:01:16]}
20. Qd3 {[%clk 00:51:05]} {[%emt 00:00:43]} Bxf3+ {[%clk 00:31:31]} {[%emt
00:00:09]} 21. Nxf3 {[%clk 00:51:08]} {[%emt 00:00:27]} Qd5 {[%clk 00:28:24]}
{[%emt 00:03:36]} 22. a4 {[%clk 00:47:03]} {[%emt 00:04:35]} Qxd3 {[%clk
00:25:19]} {[%emt 00:03:36]} 23. cxd3 {[%clk 00:47:14]} {[%emt 00:00:19]} Ke7
{[%clk 00:25:26]} {[%emt 00:00:23]} 24. d4 {[%clk 00:42:21]} {[%emt 00:05:23]}
Rhc8 {[%clk 00:20:04]} {[%emt 00:05:51]} 0-1

[Event "DVM U20 2020"]
[Site "Willingen GER"]
[Date "2021.06.25"]
[Round "4"]
[White "Kamp, Aaron"]
[Black "Rose, Luis Stratos"]
[Result "1-0"]
[Termination "normal"]
[Board "8.5"]
[WhiteElo "1771"]
[BlackElo "1608"]
[WhiteClock "00:45:59"]
[BlackClock "00:29:33"]
[WhiteTeam "Schachklub Münster 32 e. V."]
[BlackTeam "SC Kreuzberg e.V."]
[PlyCount "85"]
[WhiteFideId "16231120"]
[BlackFideId "12976008"]
[EventCountry "GER"]
[EventRounds "7"]
[EventType "team-swiss"]
[EventDate "2021.06.23"]

1. e4 {[%clk 01:30:57]} {[%emt 00:00:03]} d6 {[%clk 01:30:57]} {[%emt
00:00:04]} 2. d4 {[%clk 01:31:19]} {[%emt 00:00:07]} g6 {[%clk 01:31:24]}
{[%emt 00:00:03]} 3. Nf3 {[%clk 01:31:33]} {[%emt 00:00:16]} Bg7 {[%clk
01:31:43]} {[%emt 00:00:11]} 4. Nc3 {[%clk 01:31:54]} {[%emt 00:00:10]} Nf6
{[%clk 01:31:49]} {[%emt 00:00:23]} 5. Be2 {[%clk 01:32:03]} {[%emt 00:00:22]}
O-O {[%clk 01:32:00]} {[%emt 00:00:19]} 6. O-O {[%clk 01:32:27]} {[%emt
00:00:06]} Nc6 {[%clk 01:31:15]} {[%emt 00:01:13]} 7. h3 {[%clk 01:32:24]}
{[%emt 00:00:34]} e5 {[%clk 01:30:02]} {[%emt 00:01:43]} 8. d5 {[%clk
01:31:48]} {[%emt 00:01:06]} Ne7 {[%clk 01:30:19]} {[%emt 00:00:14]} 9. Be3
{[%clk 01:31:50]} {[%emt 00:00:27]} Ne8 {[%clk 01:28:54]} {[%emt 00:01:56]} 10.
Qd2 {[%clk 01:29:43]} {[%emt 00:02:37]} f5 {[%clk 01:27:07]} {[%emt 00:02:17]}
11. exf5 {[%clk 01:28:33]} {[%emt 00:01:40]} gxf5 {[%clk 01:24:55]} {[%emt
00:02:42]} 12. Bg5 {[%clk 01:26:21]} {[%emt 00:02:42]} f4 {[%clk 01:21:59]}
{[%emt 00:03:27]} 13. Ne4 {[%clk 01:23:38]} {[%emt 00:03:12]} h6 {[%clk
01:10:26]} {[%emt 00:12:04]} 14. Bh4 {[%clk 01:19:17]} {[%emt 00:04:51]} Nf6
{[%clk 01:08:42]} {[%emt 00:02:13]} 15. Bxf6 {[%clk 01:14:36]} {[%emt
00:05:11]} Bxf6 {[%clk 01:09:04]} {[%emt 00:00:08]} 16. Nh2 {[%clk 01:13:54]}
{[%emt 00:01:12]} Qe8 {[%clk 00:50:14]} {[%emt 00:19:20]} 17. Qa5 {[%clk
01:06:23]} {[%emt 00:08:01]} b6 {[%clk 00:39:43]} {[%emt 00:11:01]} 18. Qb5
{[%clk 01:00:10]} {[%emt 00:06:44]} Qg6 {[%clk 00:35:53]} {[%emt 00:04:19]} 19.
Bd3 {[%clk 00:57:32]} {[%emt 00:03:07]} Bf5 {[%clk 00:32:27]} {[%emt 00:03:58]}
20. Nxf6+ {[%clk 00:53:59]} {[%emt 00:04:02]} Rxf6 {[%clk 00:32:12]} {[%emt
00:00:45]} 21. Ng4 {[%clk 00:53:29]} {[%emt 00:01:00]} e4 {[%clk 00:27:00]}
{[%emt 00:05:43]} 22. Nxf6+ {[%clk 00:49:48]} {[%emt 00:04:10]} Qxf6 {[%clk
00:27:25]} {[%emt 00:00:05]} 23. Bxe4 {[%clk 00:43:35]} {[%emt 00:06:43]} Bxe4
{[%clk 00:27:45]} {[%emt 00:00:11]} 24. Rae1 {[%clk 00:42:56]} {[%emt
00:01:09]} Bf5 {[%clk 00:20:15]} {[%emt 00:07:59]} 25. Qc4 {[%clk 00:42:10]}
{[%emt 00:01:15]} f3 {[%clk 00:16:14]} {[%emt 00:04:32]} 26. Re3 {[%clk
00:39:58]} {[%emt 00:02:42]} fxg2 {[%clk 00:13:32]} {[%emt 00:03:13]} 27. Rfe1
{[%clk 00:38:50]} {[%emt 00:01:38]} Ng6 {[%clk 00:10:55]} {[%emt 00:03:06]} 28.
Qxc7 {[%clk 00:38:47]} {[%emt 00:00:33]} Ne5 {[%clk 00:10:02]} {[%emt
00:01:24]} 29. f4 {[%clk 00:32:55]} {[%emt 00:06:20]} Bxh3 {[%clk 00:05:19]}
{[%emt 00:05:15]} 30. Rxh3 {[%clk 00:30:39]} {[%emt 00:02:45]} Qxf4 {[%clk
00:05:47]} {[%emt 00:00:03]} 31. Qc3 {[%clk 00:27:41]} {[%emt 00:03:27]} Kh7
{[%clk 00:02:43]} {[%emt 00:03:35]} 32. Qe3 {[%clk 00:25:08]} {[%emt 00:03:02]}
Qf6 {[%clk 00:03:11]} {[%emt 00:00:03]} 33. Qe4+ {[%clk 00:22:40]} {[%emt
00:02:57]} Kh8 {[%clk 00:03:18]} {[%emt 00:00:25]} 34. Kxg2 {[%clk 00:19:44]}
{[%emt 00:03:24]} Rf8 {[%clk 00:01:26]} {[%emt 00:02:23]} 35. Rxh6+ {[%clk
00:18:47]} {[%emt 00:01:26]} Qxh6 {[%clk 00:01:28]} {[%emt 00:00:28]} 36. Rh1
{[%clk 00:19:10]} {[%emt 00:00:07]} Qxh1+ {[%clk 00:00:53]} {[%emt 00:01:06]}
37. Kxh1 {[%clk 00:19:30]} {[%emt 00:00:09]} Rf1+ {[%clk 00:00:36]} {[%emt
00:00:47]} 38. Kg2 {[%clk 00:19:39]} {[%emt 00:00:21]} Rf7 {[%clk 00:00:36]}
{[%emt 00:00:30]} 39. Qh4+ {[%clk 00:19:32]} {[%emt 00:00:37]} Kg7 {[%clk
00:00:40]} {[%emt 00:00:28]} 40. Qg5+ {[%clk 00:19:30]} {[%emt 00:00:30]} Ng6
{[%clk 00:00:51]} {[%emt 00:00:20]} 41. Qd8 {[%clk 00:18:31]} {[%emt 00:01:28]}
Nf4+ {[%clk 00:00:45]} {[%emt 00:00:36]} 42. Kg3 {[%clk 00:18:48]} {[%emt
00:00:13]} Ne2+ {[%clk 00:29:33]} {[%emt 00:01:43]} 43. Kg4 {[%clk 00:45:59]}
{[%emt 00:03:18]} 1-0